Klicke die 15 größten Städte Afrikas auf der Karte - Statistiken

Allgemein
  • Dieses Quiz wurde 334 mal gespielt
  • Das Durchschnittsergebnis liegt bei 12 aus 15
Antworten auf der Karte
Die Antworten werden auf der Karte rot bzw. grün angezeigt, abhängig davon wie oft sie richtig erraten wurden.
 
Antwortstatistiken
Antwort % Korrekt
Algier
96%
Kairo
96%
Kapstadt
95%
Alexandria
92%
Johannesburg
92%
Casablanca
89%
Lagos
89%
Nairobi
85%
Kinshasa
83%
Kartum
80%
Luanda
77%
Daressalam
71%
Accra
70%
Kano
70%
Abidjan
59%
Keine übereinstimmenden Quizze gefunden
Verteilung der Resultate
Anzahl Personen mit jedem Resultat
Perzentil nach korrekt beantworteten Fragen
Ihre Resultats-Entwicklung
Sie haben dieses Quiz noch nicht gespielt